| 000 | 00495 a2200169 4500 | ||
|---|---|---|---|
| 005 | 20250710090905.0 | ||
| 020 | _a978-1-292-20862-6 | ||
| 082 | _a657 WOO | ||
| 100 | _aWOOD'S, F. | ||
| 245 | _aBusiness Accounting | ||
| 250 | _a14th Ed. | ||
| 260 |
_aLondon, _bPearson, _c2018. |
||
| 300 |
_axxii, 780p.: ill.; graph, picture, table. _bGlossary, index. _c25cm. |
||
| 700 | _aSANGSTER, A. & GORDON, L. | ||
| 856 |
_yAccess online book _fBusiness Accounting _dwww.pearson.com/uk |
||
| 942 |
_2ddc _cBKS |
||
| 999 |
_c6638 _d6638 |
||